Equipos de las grandes ligas de béisbol - Estadísticas

Estadísticas generales
  • Esta prueba ha sido intentada 116 veces
  • La puntuación promedio es 16 de 30
Estadísticas de respuestas
Liga Nacional % Correcto
Yankees de Nueva York
87%
Dodgers de Los Ángeles
81%
Medias Rojas de Boston
69%
Medias Blancas Chicago
64%
Padres de San Diego
64%
Astros de Houston
61%
Gigantes de San Francisco
61%
Orioles de Baltimore
61%
Bravos de Atlanta
60%
Miami Marlins
60%
Mets de Nueva York
59%
Indios de Cleveland
52%
Nacionales de Washington
52%
Piratas de Pittsburgh
52%
Cachorros Chicago
51%
Cerveceros de Milwaukee
51%
Rays de Tampa Bay
51%
Atléticos de Oakland
49%
Cardenales de San Luis
49%
Marineros de Seattle
48%
Rockies de Colorado
48%
Vigilantes de Texas
48%
Angelinos de Los Ángeles
47%
Azulejos de Toronto
47%
Diamondbacks de Arizona
47%
Tigres de Detroit
43%
Rojos de Cincinnati
40%
Mellizos de Minnesota
37%
Reales de Kansas City
35%
Filis de Filadelfia
31%
No se encontraron pruebas coincidentes
Distribución de puntuación
Porcentaje de gente con cada puntuación
Porcentaje por número respondido
Historial de tus puntuaciones
No has intentado esta prueba.